Normal view
MARC view
Entry Geographic Name
001 - CONTROL NUMBER
- control field: 27097
003 - CONTROL NUMBER IDENTIFIER
- control field: ARRUPE
005 - DATE AND TIME OF LATEST TRANSACTION
- control field: 20161028104255.0
008 - FIXED-LENGTH DATA ELEMENTS
- fixed length control field: 161028|| aca||aabn | a|a d
040 ## - CATALOGING SOURCE
- Original cataloging agency: ARRUPE
- Transcribing agency: ARRUPE
151 ## - HEADING--GEOGRAPHIC NAME
- Geographic name: Nigeria
- General subdivision: History
- Chronological subdivision: 20th Century
670 ## - SOURCE DATA FOUND
- Source citation: Work cat.: (ARRUPE)0: Bourne, Richard, 1940- author. 27096, Nigeria :, 2015